Basic electrical and electronics engineering- i / (Record no. 83471)

MARC details
000 -LEADER
fixed length control field 00554nam a22001817a 4500
005 - DATE AND TIME OF LATEST TRANSACTION
control field 20140508111151.0
010 ## - LCCN (DPL NO)
LC control number ENG-109702
020 ## - INTERNATIONAL STANDARD BOOK NUMBER
International Standard Book Number 9789325969032
Terms of availability 299.00
035 ## - SYSTEM CONTROL NUMBER
System control number EN-93235
037 ## - SOURCE OF ACQUISITION
Source of stock number/acquisition DBAD/PUB
082 ## - DEWEY DECIMAL CLASSIFICATION NUMBER
Classification number 621.3
100 ## - MAIN ENTRY--PERSONAL NAME
Personal name Bandyopadhyay, Jyoti Prasad
245 00 - TITLE STATEMENT
Title Basic electrical and electronics engineering- i /
Statement of responsibility, etc by Jyoti Prasad Bandyopadhyay
260 ## - PUBLICATION, DISTRIBUTION, ETC. (IMPRINT)
Place of publication, distribution, etc Noida
Name of publisher, distributor, etc Vikas Publising House
Date of publication, distribution, etc 2014
270 ## - ADDRESS
Address E-28, Sector-8
City Noida
Postal code 201301
300 ## - PHYSICAL DESCRIPTION
Extent xii,402p.
Dimensions 24cm(pbk)
942 ## - ADDED ENTRY ELEMENTS (KOHA)
Source of classification or shelving scheme Dewey Decimal Classification
Item type English Books
Call number suffix BAN
Classification part 621.3
Holdings
Withdrawn status Lost status Not for loan Collection code Home library Current library Date acquired Source of acquisition Cost, normal purchase price Full call number Barcode Copy number Cost, replacement price Koha item type
    Not For Loan Non-fiction D.B.Act.Division D.B.Act.Division 15/04/2014 DBAD/PUB 299.00 621.3 BAN EN-93235 1 299.00 English Books

© Delhi Public Library
Hit Counter
free hit counter